| 000 | 00421nam a2200181Ia 4500 | ||
|---|---|---|---|
| 001 | 24121 | ||
| 005 | 20260414151022.0 | ||
| 008 | 260414t1986||||xx |||||||||||||| ||spa|| | ||
| 041 | _aESP | ||
| 082 |
_a780.985 _bH71 |
||
| 100 |
_aHolzmann, Rodolfo _eAUT |
||
| 245 | 0 |
_aQero, pueblo y música _b |
|
| 260 | _c1986 | ||
| 300 |
_a398 páginas : _c21 cm. |
||
| 650 | _aABD | ||
| 654 | _aCAU | ||
| 942 |
_cLIB _dJUS _fJUS _2ddc _n |
||
| 999 |
_c24121 _d24121 |
||